John Ford

Gorde:
Xehetasun bibliografikoak
Egile nagusia: Haudiquet, Philippe (Egilea)
Formatua: Liburua
Hizkuntza:frantsesa
Argitaratua: París Seghers 1966
Saila:Cinéma D'Aujourd'hui, 46
Gaiak:
Etiketak: Etiketa erantsi
Etiketarik gabe, Izan zaitez lehena erregistro honi etiketa jartzen!

MARC

LEADER 00000cam a2200000 a 4500
001 UCV8311
003 CL-VaPUC
008 910327e19660000FR |||||||||||||||||fre|d
082 0 4 |a 791.4309  |b HAU  |2 21 
100 0 |a Haudiquet, Philippe  |e author  |9 302375 
245 1 0 |a John Ford 
300 |a 187 p 
942 |c BK 
945 |d 19910327 00:00:00 
260 |a París  |b Seghers  |c 1966 
600 0 7 |a FORD, JOHN  |2 CL-VaPUC  |9 266426 
650 0 |a Productores y directores de cine  |9 266427 
583 |a last modification  |c 20190402 08:50:38  |k Rodrigo Vera 
490 0 |a Cinéma D'Aujourd'hui, 46 
999 |c 213849  |d 213847 
952 |0 0  |1 0  |3 erb  |4 0  |6 791_430900000000000_HAU_1966  |7 0  |8 A  |9 196631  |a BIBART  |b BIBART  |i 5475902  |o 791.4309 HAU 1966  |p 5475902  |r 2025-03-13  |w 2019-11-14  |y BK  |z Catalogado en:20180615  |k ART